Best Player from each AFL team - Statistics

General Stats
  • This quiz has been taken 789 times
  • The average score is 9 of 18
Answer Stats
Teams Answer % Correct
Carlton Patrick Cripps
80%
Richmond Dustin Martin
75%
Geelong Patrick Dangerfield
73%
Fremantle Nat Fyfe
71%
Adelaide Rory Sloane
71%
Brisbane Dayne Zorko
63%
Western Bulldogs Marcus Bontempelli
62%
Gold Coast Gary Ablett
59%
Hawthorn Tom Mitchell
53%
Sydney Josh Kennedy
47%
Essendon Zach Merrett
43%
GWS Josh Kelly
41%
Collingwood Adam Treloar
34%
West Coast Andrew Gaff
31%
Melbourne Jack Viney
31%
North Melbourne Jack Ziebell
28%
St Kilda Jack Steven
21%
Port Adelaide Robbie Grey
13%
No matching quizzes found
Score Distribution
Percent of People with Each Score
Percentile by Number Answered
Your Score History
You have not taken this quiz